Grupos Geográficos de Três - Brasil - Statistics

Estatísticas Gerais
  • Esse quiz foi jogado 147 vezes
    134 desde o último reset
  • A pontuação média é 24 de 36
Estatísticas das Respostas
Group Resposta % Correto
Capitais do Brasil Rio de Janeiro
100%
Universidades públicas estaduais de São Paulo USP
99%
Estados da região Sul Rio Grande do Sul
98%
Estados da região Sul Paraná
97%
Estados da região Sul Santa Catarina
97%
Capitais do Brasil Brasília
96%
Cidades com o maior número de arranha-céus São Paulo
95%
Capitais estaduais começando com M Manaus
94%
Capitais do Brasil Salvador
94%
Estados mais populosos do Nordeste Bahia
93%
Maiores estádios por capacidade Maracanã
91%
Estados mais populosos do Nordeste Ceará
88%
Estados que fazem divisa com Rondônia Amazonas
84%
Estados que fazem divisa com Rondônia Mato Grosso
84%
Estados mais populosos do Nordeste Pernambuco
84%
Estados que fazem divisa com Rondônia Acre
83%
Capitais estaduais começando com M Maceió
79%
Capitais estaduais começando com M Macapá
76%
Bandeiras estaduais com frases escritas Minas Gerais
76%
Bandeiras estaduais com frases escritas Paraíba
71%
Universidades públicas estaduais de São Paulo Unicamp
71%
Maiores hidrelétricas do país Itaipu
69%
Maiores estádios por capacidade Morumbi
69%
Picos mais altos Pico da Neblina
65%
Bandeiras estaduais com frases escritas Espírito Santo
57%
Cidades com o maior número de arranha-céus Balneário Camboriú
46%
Maiores estádios por capacidade Mané Garrincha
43%
Universidades públicas estaduais de São Paulo Unesp
42%
Maiores municípios em área Altamira
29%
Picos mais altos Pico da Bandeira
25%
Maiores hidrelétricas do país Belo Monte
20%
Cidades com o maior número de arranha-céus Goiânia
19%
Maiores municípios em área Barcelos
7%
Maiores municípios em área São Gabriel da Cachoeira
7%
Picos mais altos Pico 31 de Março
6%
Maiores hidrelétricas do país São Luiz do Tapajós
0%
Nenhum quiz correspondente encontrado
Distribuição das Pontuações
Porcentagem de Pessoas com Cada Pontuação
Percentil de Números Respondidos
Sua Pontuação Histórica
Você não jogou esse quiz desde o último reset